<?xml version="1.0" encoding="UTF-8"?><?xml-stylesheet type="text/xsl" href="static/style.xsl"?><OAI-PMH xmlns="http://www.openarchives.org/OAI/2.0/" xmlns:xsi="http://www.w3.org/2001/XMLSchema-instance" xsi:schemaLocation="http://www.openarchives.org/OAI/2.0/ http://www.openarchives.org/OAI/2.0/OAI-PMH.xsd"><responseDate>2026-04-14T02:42:00Z</responseDate><request verb="GetRecord" identifier="oai:www.recercat.cat:2117/422696" metadataPrefix="marc">https://recercat.cat/oai/request</request><GetRecord><record><header><identifier>oai:recercat.cat:2117/422696</identifier><datestamp>2026-02-01T01:28:45Z</datestamp><setSpec>com_2072_1033</setSpec><setSpec>col_2072_452949</setSpec></header><metadata><record xmlns="http://www.loc.gov/MARC21/slim" xmlns:dcterms="http://purl.org/dc/terms/" xmlns:xsi="http://www.w3.org/2001/XMLSchema-instance" xmlns:doc="http://www.lyncode.com/xoai" xsi:schemaLocation="http://www.loc.gov/MARC21/slim http://www.loc.gov/standards/marcxml/schema/MARC21slim.xsd">
   <leader>00925njm 22002777a 4500</leader>
   <datafield ind2=" " ind1=" " tag="042">
      <subfield code="a">dc</subfield>
   </datafield>
   <datafield ind2=" " ind1=" " tag="720">
      <subfield code="a">Camañes Guillén, Maria Isabel</subfield>
      <subfield code="e">author</subfield>
   </datafield>
   <datafield ind2=" " ind1=" " tag="720">
      <subfield code="a">Sguizzardi Abascal, Eunice Helena</subfield>
      <subfield code="e">author</subfield>
   </datafield>
   <datafield ind2=" " ind1=" " tag="720">
      <subfield code="a">Sabaté Bel, Joaquin</subfield>
      <subfield code="e">author</subfield>
   </datafield>
   <datafield ind2=" " ind1=" " tag="260">
      <subfield code="c">2024-12</subfield>
   </datafield>
   <datafield ind2=" " ind1=" " tag="520">
      <subfield code="a">This article discusses the growth of São Paulo city through viaducts, emphasizing them as morphological elements. The analysis compares historical data and cartographic revisions, examining the evolution of the city's bridges and viaducts. It relies on structural analysis using municipal cadastre maps and official documents, creating a map of the bridges and viaducts' development correlated with urban expansion maps. The article identifies four significant historical actions: overcoming barriers, modernizing the city, developing the urban network, and connecting peripheral areas. It highlights the crucial structural role of bridges and viaducts throughout São Paulo's growth from 1892 (the emergence of the first viaduct, “Viaduto do Chá”) to 2020, the completion year of the doctoral investigation.</subfield>
   </datafield>
   <datafield ind2=" " ind1=" " tag="520">
      <subfield code="a">Este artigo discute o crescimento da cidade de São Paulo através de viadutos, enfatizando-os como elementos morfológicos. A análise compara dados históricos e revisões cartográficas, examinando a evolução das pontes e viadutos da cidade. Baseia-se na análise estrutural utilizando mapas cadastrais municipais e documentos oficiais, criando um mapa do desenvolvimento das pontes e viadutos correlacionados com mapas de expansão urbana. O artigo identifica quatro ações históricas significativas: superação de barreiras, modernização da cidade, desenvolvimento da rede urbana e conexão de áreas periféricas. Destaca o papel estrutural crucial das pontes e viadutos ao longo do crescimento de São Paulo de 1892 (surgimento do primeiro viaduto, o Viaduto do Chá) até 2020, ano de conclusão da pesquisa de doutorado.</subfield>
   </datafield>
   <datafield ind2=" " ind1=" " tag="520">
      <subfield code="a">Peer Reviewed</subfield>
   </datafield>
   <datafield tag="653" ind2=" " ind1=" ">
      <subfield code="a">Àrees temàtiques de la UPC::Urbanisme::Planejament urbà</subfield>
   </datafield>
   <datafield tag="653" ind2=" " ind1=" ">
      <subfield code="a">Àrees temàtiques de la UPC::Enginyeria civil::Infraestructures i modelització dels transports::Transport urbà</subfield>
   </datafield>
   <datafield tag="653" ind2=" " ind1=" ">
      <subfield code="a">City planning -- Bazil -- São Paulo -- History</subfield>
   </datafield>
   <datafield tag="653" ind2=" " ind1=" ">
      <subfield code="a">Viaducts -- Bazil -- São Paulo</subfield>
   </datafield>
   <datafield tag="653" ind2=" " ind1=" ">
      <subfield code="a">Railroad bridges -- Bazil -- São Paulo</subfield>
   </datafield>
   <datafield tag="653" ind2=" " ind1=" ">
      <subfield code="a">Viadutos</subfield>
   </datafield>
   <datafield tag="653" ind2=" " ind1=" ">
      <subfield code="a">Morfologia urbana</subfield>
   </datafield>
   <datafield tag="653" ind2=" " ind1=" ">
      <subfield code="a">Expansão urbana</subfield>
   </datafield>
   <datafield tag="653" ind2=" " ind1=" ">
      <subfield code="a">Infraestruturas viárias</subfield>
   </datafield>
   <datafield tag="653" ind2=" " ind1=" ">
      <subfield code="a">Viaducts</subfield>
   </datafield>
   <datafield tag="653" ind2=" " ind1=" ">
      <subfield code="a">Urban morphology</subfield>
   </datafield>
   <datafield tag="653" ind2=" " ind1=" ">
      <subfield code="a">Urban expansion</subfield>
   </datafield>
   <datafield tag="653" ind2=" " ind1=" ">
      <subfield code="a">Road infrastructures</subfield>
   </datafield>
   <datafield tag="653" ind2=" " ind1=" ">
      <subfield code="a">Urbanisme -- Brasil -- São Paulo -- Història</subfield>
   </datafield>
   <datafield tag="653" ind2=" " ind1=" ">
      <subfield code="a">Viaductes -- Brasil -- São Paulo</subfield>
   </datafield>
   <datafield tag="653" ind2=" " ind1=" ">
      <subfield code="a">Ponts de ferrocarril -- Brasil -- São Paulo</subfield>
   </datafield>
   <datafield ind2="0" ind1="0" tag="245">
      <subfield code="a">São Paulo dos viadutos: viadutos como elementos da morfologia urbana da cidade</subfield>
   </datafield>
   <datafield ind2="0" ind1="0" tag="245">
      <subfield code="a">Viaducts of São Paulo: viaducts as elements of the urban morphology of the city</subfield>
   </datafield>
</record></metadata></record></GetRecord></OAI-PMH>